[Event "Ricany op-A"]
[Site "Ricany"]
[Date "2019.08.25"]
[Round "3"]
[White "Toulec, Stanislav"]
[Black "Paulovic, Milan"]
[Result "1-0"]
[WhiteElo "1930"]
[BlackElo "1788"]
[PlyCount "41"]
[EventDate "2019.08.24"]
[EventType "swiss"]
[EventRounds "9"]
[EventCountry "CZE"]
[SourceTitle "EXT 2020"]
[Source "ChessBase"]
[SourceDate "2019.10.17"]
[SourceVersion "1"]
[SourceVersionDate "2019.10.17"]
[SourceQuality "1"]

1. e4 c5 2. Nc3 Nc6 3. Nf3 d6 4. d4 cxd4 5. Nxd4 Nf6 6. Be2 g6 7. Be3 Bg7 8. Qd2 a6 9. f3 0-0 10. h4 Qc7 11. g4 Be6 12. h5 Nxd4 13. Bxd4 Bc4 14. hxg6 fxg6 15. g5 e5 16. gxf6 exd4 17. fxg7 Rf7 18. Qxd4 Bxe2 19. Kxe2 Rxg7 20. Rad1 Rd8 21. Qd5+ 1-0

[Event "CZE-chT2A 1415"]
[Site "Czech Republic"]
[Date "2014.11.30"]
[Round "3.8"]
[White "Vosahlik, Jiri"]
[Black "Toulec, Stanislav"]
[Result "1/2-1/2"]
[WhiteElo "1791"]
[BlackElo "2064"]
[PlyCount "23"]
[EventDate "2014.11.02"]
[EventType "team-tourn"]
[EventRounds "11"]
[EventCountry "CZE"]
[SourceTitle "EXT 2022"]
[Source "ChessBase"]
[SourceDate "2021.10.06"]
[SourceVersion "1"]
[SourceVersionDate "2021.10.06"]
[SourceQuality "1"]
[WhiteTeam "Plzen Letna"]
[BlackTeam "Praha Vrsovice"]
[WhiteTeamCountry "CZE"]
[BlackTeamCountry "CZE"]

1. Nc3 d5 2. d4 Nf6 3. Bg5 e6 4. a3 Be7 5. Nf3 Nc6 6. e3 a6 7. Be2 h6 8. Bh4 Nh5 9. Bxe7 Nxe7 10. Ne5 Nf6 11. 0-0 Ng6 12. Nxg6 1/2-1/2

[Event "CZE-chT2A 1314"]
[Site "Czech Republic"]
[Date "2014.04.06"]
[Round "11.6"]
[White "Toulec, Stanislav"]
[Black "Jakl, Ales"]
[Result "1-0"]
[WhiteElo "2076"]
[BlackElo "2043"]
[PlyCount "123"]
[EventDate "2013.11.03"]
[EventType "team-tourn"]
[EventRounds "11"]
[EventCountry "CZE"]
[SourceTitle "EXT 2015"]
[Source "ChessBase"]
[SourceDate "2014.11.20"]
[SourceVersion "1"]
[SourceVersionDate "2014.11.20"]
[SourceQuality "1"]
[WhiteTeam "Praha Vrsovice"]
[BlackTeam "Tachov"]
[WhiteTeamCountry "CZE"]
[BlackTeamCountry "CZE"]

1. e4 c6 2. d3 d5 3. Nd2 e5 4. Ngf3 Bg4 5. Be2 Bxf3 6. Nxf3 dxe4 7. dxe4 Qxd1+ 8. Bxd1 Nd7 9. 0-0 Bc5 10. c3 Ngf6 11. Bc2 h6 12. b4 Bb6 13. a4 a6 14. c4 0-0 15. Bb2 Bc7 16. Rfe1 Rfe8 17. h3 Bd6 18. c5 Bf8 19. a5 g6 20. Rad1 Bg7 21. Rd6 Re7 22. Red1 Rc8 23. Nh2 Rc7 24. Nf1 Ne8 25. R6d2 Nf8 26. Ne3 Rcd7 27. Nc4 Rxd2 28. Rxd2 Rd7 29. Rxd7 Nxd7 30. Kf1 Kf8 31. Ke2 f6 32. g3 Ke7 33. f4 h5 34. Kf3 Bh8 35. Bb3 Bg7 36. Bd1 Bh8 37. Bc1 Ke6 38. Bb3 Ke7 39. Bd2 Bg7 40. h4 Nf8 41. fxe5 fxe5 42. Bg5+ Bf6 43. Nxe5 Bxg5 44. hxg5 Nc7 45. Ke3 Nce6 46. Bxe6 Kxe6 47. Kf4 Ke7 48. Nc4 Ne6+ 49. Ke5 Nxg5 50. Nd6 Ne6 51. Nxb7 g5 52. Nd6 Kd7 53. Nf5 Nc7 54. Kf6 Ne6 55. e5 g4 56. Kg6 Nf8+ 57. Kxh5 Ke6 58. Kxg4 Kxe5 59. Ne7 Ne6 60. Nxc6+ Kd5 61. Kf5 Nc7 62. Ne5 1-0

[Event "CZE-chT2A 1314"]
[Site "Czech Republic"]
[Date "2014.02.16"]
[Round "8.8"]
[White "Vachal, Josef1"]
[Black "Toulec, Stanislav"]
[Result "1/2-1/2"]
[WhiteElo "1878"]
[BlackElo "2076"]
[PlyCount "207"]
[EventDate "2013.11.03"]
[EventType "team-tourn"]
[EventRounds "11"]
[EventCountry "CZE"]
[SourceTitle "EXT 2015"]
[Source "ChessBase"]
[SourceDate "2014.11.20"]
[SourceVersion "1"]
[SourceVersionDate "2014.11.20"]
[SourceQuality "1"]
[WhiteTeam "Domazlice"]
[BlackTeam "Praha Vrsovice"]
[WhiteTeamCountry "CZE"]
[BlackTeamCountry "CZE"]

1. d4 Nf6 2. Nf3 g6 3. g3 Bg7 4. c4 d6 5. Bg2 Nbd7 6. Nc3 0-0 7. 0-0 c6 8. e4 e5 9. dxe5 dxe5 10. Qc2 Qe7 11. b3 Re8 12. Bb2 Ng4 13. h3 Nh6 14. g4 f6 15. Rad1 Nf8 16. Ne2 Ne6 17. Bc3 Nf7 18. b4 Bh6 19. c5 a5 20. a3 a4 21. Nd2 Nf4 22. Nxf4 Bxf4 23. Nc4 Be6 24. Bd2 Bxc4 25. Qxc4 Qe6 26. Qxe6 Rxe6 27. Bc3 Re7 28. Rd3 Rd8 29. Rfd1 Rxd3 30. Rxd3 Kf8 31. Bf1 Ke8 32. Rd1 Rd7 33. Rxd7 Kxd7 34. b5 Bc1 35. Bb4 Ng5 36. bxc6+ Kxc6 37. Bg2 Ne6 38. Kf1 Nxc5 39. Ke2 Ne6 40. Kd1 Bg5 41. Kc2 Bh4 42. f3 Nd4+ 43. Kd3 Bg5 44. Be7 Kd7 45. Bc5 Ne6 46. Kc4 Kc6 47. Be7 b5+ 48. Kc3 Nd4 49. Kd3 Kd7 50. Bc5 Bc1 51. Bf1 Bh6 52. Kc3 Kc6 53. Be7 Bg7 54. f4 f5 55. gxf5 gxf5 56. fxe5 Bxe5 57. exf5 Nxf5+ 58. Kb4 Nxe7 59. Bxb5+ Kb6 60. Bxa4 Bd6+ 61. Kb3 Ng6 62. Bd7 Ne5 63. Bf5 h5 64. a4 Ka5 65. Be4 h4 66. Bd5 Bc5 67. Be4 Be3 68. Bd5 Nd3 69. Kc3 Nf4 70. Bc6 Nxh3 71. Kd3 Bc5 72. Ke2 Ng5 73. Bd7 Bd6 74. Kf2 Kb4 75. Kg2 Kc5 76. Bf5 Kd4 77. Bd7 Ke5 78. Bc6 Kf4 79. Bb7 h3+ 80. Kf2 Bc5+ 81. Kf1 Kg3 82. Bh1 Ne6 83. Bc6 Bb6 84. Bb7 Nf4 85. Bc8 h2 86. Bb7 Ne6 87. Bc6 Nd4 88. Bg2 Ne2 89. Bc6 Nf4 90. Ba8 Nh3 91. Ke2 Nf2 92. Bb7 Ba5 93. Bc6 h1Q 94. Bxh1 Nxh1 95. Kd3 Kf4 96. Kc4 Ke5 97. Kb5 Bd2 98. a5 Kd6 99. Kb6 Nf2 100. a6 Be3+ 101. Kb7 Ne4 102. a7 Nc5+ 103. Kc8 Nd7 104. a8Q 1/2-1/2

[Event "CZE-chT2B 1112"]
[Site "Czech Republic"]
[Date "2012.03.04"]
[Round "9.8"]
[White "Toulec, Stanislav"]
[Black "Postl, Petr"]
[Result "1-0"]
[WhiteElo "2098"]
[BlackElo "2063"]
[PlyCount "57"]
[EventDate "2011.10.09"]
[EventType "team-tourn"]
[EventRounds "11"]
[EventCountry "CZE"]
[SourceTitle "EXT 2013"]
[Source "ChessBase"]
[SourceDate "2012.11.22"]
[SourceVersion "1"]
[SourceVersionDate "2012.11.22"]
[SourceQuality "1"]
[WhiteTeam "Vrsovice"]
[BlackTeam "Karlovy Vary"]
[WhiteTeamCountry "CZE"]
[BlackTeamCountry "CZE"]

1. c4 g6 2. g3 f5 3. d3 Bg7 4. Bg2 Nf6 5. Nc3 0-0 6. Nh3 e5 7. f4 Nc6 8. 0-0 d6 9. Nf2 Bd7 10. a3 a5 11. Rb1 Rb8 12. b4 axb4 13. axb4 Nh5 14. Nd5 Ne7 15. fxe5 dxe5 16. Bg5 Nf6 17. Nxf6+ Bxf6 18. Bxf6 Rxf6 19. Ne4 Rf8 20. Nc5 Bc8 21. e3 b6 22. Na4 Bb7 23. Bxb7 Rxb7 24. d4 f4 25. dxe5 fxg3 26. Rxf8+ Qxf8 27. hxg3 Qf5 28. Qd8+ Kf7 29. Rf1 1-0

[Event "CZE-chT2B 1112"]
[Site "Czech Republic"]
[Date "2011.11.20"]
[Round "3.7"]
[White "Tryhuba, Jaroslav"]
[Black "Toulec, Stanislav"]
[Result "0-1"]
[WhiteElo "1851"]
[BlackElo "2098"]
[PlyCount "52"]
[EventDate "2011.10.09"]
[EventType "team-tourn"]
[EventRounds "11"]
[EventCountry "CZE"]
[SourceTitle "EXT 2013"]
[Source "ChessBase"]
[SourceDate "2012.11.22"]
[SourceVersion "1"]
[SourceVersionDate "2012.11.22"]
[SourceQuality "1"]
[WhiteTeam "Novoborsky"]
[BlackTeam "Vrsovice"]
[WhiteTeamCountry "CZE"]
[BlackTeamCountry "CZE"]

1. e4 e5 2. Nf3 Nc6 3. Nc3 Nf6 4. Bc4 Nxe4 5. Bxf7+ Kxf7 6. Nxe4 Be7 7. d4 exd4 8. Nxd4 Nxd4 9. Qxd4 d5 10. Nc3 Re8 11. 0-0 c6 12. Bf4 Bf6 13. Qd3 Kg8 14. Rfe1 Be6 15. Rad1 Bf7 16. Qg3 Bg6 17. Rxe8+ Qxe8 18. Rc1 Bxc2 19. Kf1 Qg6 20. Qxg6 Bxg6 21. f3 Re8 22. g4 Bd3+ 23. Kf2 g5 24. Bg3 b5 25. Nd1 Bd4+ 26. Kg2 c5 0-1

[Event "CZE-chT2B 1112"]
[Site "Czech Republic"]
[Date "2011.11.06"]
[Round "2.8"]
[White "Kucera, Tomas"]
[Black "Toulec, Stanislav"]
[Result "1-0"]
[WhiteElo "1973"]
[BlackElo "2098"]
[PlyCount "37"]
[EventDate "2011.10.09"]
[EventType "team-tourn"]
[EventRounds "11"]
[EventCountry "CZE"]
[SourceTitle "EXT 2013"]
[Source "ChessBase"]
[SourceDate "2012.11.22"]
[SourceVersion "1"]
[SourceVersionDate "2012.11.22"]
[SourceQuality "1"]
[WhiteTeam "Kralupy nad Vltavou"]
[BlackTeam "Vrsovice"]
[WhiteTeamCountry "CZE"]
[BlackTeamCountry "CZE"]

1. e4 e5 2. Nf3 Nc6 3. d4 exd4 4. c3 dxc3 5. Bc4 Be7 6. Qd5 Nh6 7. Bxh6 0-0 8. Nxc3 gxh6 9. Qh5 Bf6 10. Qxh6 Ne5 11. Nxe5 Bxe5 12. 0-0 c6 13. Rad1 Qf6 14. Qh5 d6 15. f4 Bxc3 16. bxc3 Qxc3 17. Rf3 Qxc4 18. Qg5+ Kh8 19. Qf6+ 1-0

[Event "Prague Rejfir Memorial"]
[Site "Prague"]
[Date "2010.04.??"]
[Round "9"]
[White "Jancarik, Joel"]
[Black "Toulec, Stanislav"]
[Result "1-0"]
[WhiteElo "2165"]
[BlackElo "2090"]
[PlyCount "69"]
[EventDate "2010.04.??"]
[EventType "swiss"]
[EventRounds "9"]
[EventCountry "CZE"]
[SourceTitle "EXT 2012"]
[Source "ChessBase"]
[SourceDate "2011.11.24"]
[SourceVersion "1"]
[SourceVersionDate "2011.11.24"]
[SourceQuality "1"]

1. d4 Nf6 2. Nf3 e6 3. c4 b6 4. g3 Bb7 5. Bg2 Ne4 6. 0-0 f5 7. Ng5 Be7 8. Nxe4 fxe4 9. d5 exd5 10. cxd5 0-0 11. Nc3 d6 12. Nxe4 Nd7 13. b3 Nc5 14. Bb2 Nxe4 15. Bxe4 Bf6 16. Bxf6 Rxf6 17. Rc1 Qd7 18. Qc2 Qh3 19. Bg2 Qh5 20. Qxc7 Ba6 21. Rfe1 Bxe2 22. Qe7 Re8 23. Qxa7 Rxf2 24. Kxf2 Qxh2 25. Rxe2 Rf8+ 26. Ke1 Qg1+ 27. Kd2 Qd4+ 28. Kc2 Rc8+ 29. Kb1 Rxc1+ 30. Kxc1 Qg1+ 31. Kc2 Qc5+ 32. Kd3 Qb5+ 33. Kd2 Qb4+ 34. Kd1 Qd4+ 35. Rd2 1-0

[Event "CZE-chT2a 0607"]
[Site "Czech Republic"]
[Date "2007.01.14"]
[Round "6.8"]
[White "Krbusik, Marian"]
[Black "Toulec, Stanislav"]
[Result "1/2-1/2"]
[WhiteElo "1958"]
[BlackElo "2143"]
[PlyCount "81"]
[EventDate "2006.10.15"]
[EventType "team-tourn"]
[EventRounds "11"]
[EventCountry "CZE"]
[SourceTitle "EXT 2009"]
[Source "ChessBase"]
[SourceDate "2008.11.26"]
[SourceVersion "1"]
[SourceVersionDate "2008.11.26"]
[SourceQuality "1"]
[WhiteTeam "Tabor"]
[BlackTeam "Vrsovice II"]
[WhiteTeamCountry "CZE"]
[BlackTeamCountry "CZE"]

1. d4 Nf6 2. g3 c6 3. Bg2 g6 4. Nf3 Bg7 5. 0-0 0-0 6. c4 d6 7. Nc3 Nbd7 8. e4 e5 9. dxe5 Nxe5 10. Nxe5 dxe5 11. Qe2 Bg4 12. f3 Be6 13. Be3 Qc7 14. b3 Rad8 15. Rad1 b6 16. Rxd8 Rxd8 17. Rd1 h6 18. Rxd8+ Qxd8 19. Qd2 Qxd2 20. Bxd2 Nd7 21. Be3 Bf8 22. Kf2 Bc5 23. Bxc5 Nxc5 24. Ke3 a5 25. Bf1 f6 26. Be2 Kf8 27. h4 Ke7 28. f4 Kd6 29. Bd1 Bd7 30. a3 Ne6 31. Ne2 b5 32. cxb5 cxb5 33. b4 a4 34. Bc2 Nc7 35. Nc3 Be8 36. Bd3 Kc6 37. fxe5 fxe5 38. Bf1 Bd7 39. Bd3 Kd6 40. Bf1 Kc6 41. Bd3 1/2-1/2